000 00654nam a22001937a 4500
999 _c173337
_d173337
005 20200221160240.0
010 _aENG-127980
020 _a9789387593817
_c250.00
035 _aEN-111512
037 _bDBAD/PUB
082 _a363.11
100 _aSarma,A M
245 _aOccupational Hazards Safety and Environmental Studies/
_cA M Sarma
260 _aHyderabad
_bPharmamed Press
_c2018
270 _a4-4-309/316,Giriraj Lane, Sultan Bazar,
_bHyderabad
_e500095
_k040-23445688,23445600
_l91+4023445611
_minfo@pharmamedpress.com
300 _axii;153p
_c24cm (pbk)
500 _aIncludes Bibliography
942 _2ddc
_cEN
_h363.11
_mSAR